000 00470nam a2200169 a 4500
001 6023
003 CO-ViMGA
008 141112s2004 ck r 000 u spa d
040 _aCO-ViMGA
_bspa
_cCO-ViMGA
082 0 4 _a634.3 A537
100 1 _aThe Américan phytopathological
_94622
245 1 0 _aPlagas y enfermedades de los citricos
260 _aBarcelona :
_bMundi - prensa,
_c1996
300 _a80 p : il
650 1 4 _aCITRICOS - ENFERMEDADES
_94623
942 _2ddc
_cBK
999 _c17997
_d17997